[Event "GER-ch 81st"]
[Site "Bad Liebenzell"]
[Date "2010.03.08"]
[Round "4"]
[White "Bogner, Sebastian"]
[Black "Milov, Leonid"]
[Result "1/2-1/2"]
[WhiteElo "2522"]
[BlackElo "2556"]
[EventDate "2010.03.05"]
[PlyCount "60"]

1. d4 d5 2. c4 c6 3. Nf3 Nf6 4. Nc3 dxc4 5. a4 Bf5 6. Ne5 Nbd7 7. Nxc4 Nb6 8. Ne5 a5 9. f3 Nfd7 10. e4 Nxe5 11. dxe5 Qxd1+ 12. Kxd1 Be6 13. Kc2 f6 14. Rb1 fxe5 15. b4 Nc4 16. b5 g6 17. bxc6 bxc6 18. Rb7 Nd6 19. Rc7 Bd7 20. Be3 h5 21. Ra7 Rxa7 22. Bxa7 Bh6 23. Bb6 Kf7 24. Bxa5 Be3 25. Be2 Ra8 26. Bc7 Ra7 27. Bb8 Ra8 28. Bc7 Ra7 29. Bb8 Ra8 30. Bc7 Ra7 1/2-1/2

[Event "GER-ch 81st"]
[Site "Bad Liebenzell"]
[Date "2010.03.08"]
[Round "4"]
[White "Engelmann, Jakob"]
[Black "Schulze, Ulrich"]
[Result "1-0"]
[WhiteElo "2213"]
[BlackElo "2320"]
[EventDate "2010.03.05"]
[PlyCount "95"]

1. e4 c5 2. Nf3 Nc6 3. d4 cxd4 4. Nxd4 Nf6 5. Nc3 e5 6. Ndb5 d6 7. Bg5 a6 8. Na3 b5 9. Nd5 Be7 10. Bxf6 Bxf6 11. c4 b4 12. Nc2 a5 13. Be2 Bg5 14. O-O O-O 15. Qd3 Rb8 16. b3 Be6 17. Rad1 g6 18. Bf3 Qd7 19. Qe2 Qa7 20. Rd3 Qc5 21. Rfd1 Rb7 22. Nde3 a4 23. Bg4 f5 24. Bh3 Kh8 25. exf5 gxf5 26. Rxd6 Nd4 27. R6xd4 exd4 28. Nxd4 Re7 29. Nxe6 Rxe6 30. Rd5 Qe7 31. Bxf5 Rd6 32. Qb2+ Bf6 33. Qd2 Bc3 34. Qd3 Rxd5 35. cxd5 axb3 36. axb3 Rd8 37. g3 Qc5 38. Be6 Bd4 39. Kg2 Bxe3 40. Qxe3 Qc3 41. h4 Rf8 42. g4 Kg7 43. Bf5 h6 44. Kf3 Re8 45. Be6 Rf8+ 46. Ke4 Qc2+ 47. Ke5 Rxf2 48. Qa7+ 1-0

[Event "GER-ch 81st"]
[Site "Bad Liebenzell"]
[Date "2010.03.08"]
[Round "4"]
[White "Fiebig, Thomas"]
[Black "Dauenheimer, Torsten"]
[Result "1-0"]
[WhiteElo "2428"]
[BlackElo "2233"]
[EventDate "2010.03.05"]
[PlyCount "105"]

1. e4 e6 2. d4 d5 3. Nc3 Bb4 4. e5 c5 5. Bd2 Ne7 6. Nf3 cxd4 7. Nb5 Bxd2+ 8. Qxd2 O-O 9. Nbxd4 Nbc6 10. Bd3 Nxd4 11. Nxd4 Nc6 12. Nf3 Qa5 13. Qxa5 Nxa5 14. c3 Bd7 15. O-O a6 16. Rfe1 Rfc8 17. Rad1 Ba4 18. Rd2 Bb5 19. Bxb5 axb5 20. a3 Nb3 21. Rd3 Ra4 22. g3 Kf8 23. Kf1 Re4 24. Ng5 Rxe1+ 25. Kxe1 Ke7 26. Rf3 f6 27. exf6+ gxf6 28. Nxh7 Rh8 29. Nxf6 Rf8 30. Nxd5+ exd5 31. Rxf8 Kxf8 32. Ke2 Kf7 33. Ke3 Ke6 34. f4 Na5 35. b4 Nc4+ 36. Kd3 Nxa3 37. g4 b6 38. h4 Nc4 39. Kd4 Kf6 40. h5 Ke6 41. h6 Kf6 42. g5+ Kg6 43. Kxd5 Ne3+ 44. Ke6 Nf5 45. Ke5 Ng3 46. f5+ Kh7 47. f6 Kg6 48. Kd5 Ne2 49. Ke6 Nf4+ 50. Ke7 Nd5+ 51. Kf8 Nf4 52. Kg8 Kxg5 53. f7 1-0

[Event "GER-ch 81st"]
[Site "Bad Liebenzell"]
[Date "2010.03.08"]
[Round "4"]
[White "Hager, Joshua Aarash"]
[Black "Raykhman, Alexander"]
[Result "1/2-1/2"]
[WhiteElo "2221"]
[BlackElo "2352"]
[EventDate "2010.03.05"]
[PlyCount "26"]

1. e4 c5 2. Nf3 d6 3. d4 cxd4 4. Nxd4 Nf6 5. Nc3 a6 6. Be2 Nbd7 7. Bg5 e6 8. O-O Be7 9. f4 O-O 10. Qd2 Qc7 11. Rae1 b5 12. Bf3 Bb7 13. e5 dxe5 1/2-1/2

[Event "GER-ch 81st"]
[Site "Bad Liebenzell"]
[Date "2010.03.08"]
[Round "4"]
[White "Heimann, Andreas"]
[Black "Strunski, Andreas"]
[Result "0-1"]
[WhiteElo "2458"]
[BlackElo "2378"]
[EventDate "2010.03.05"]
[PlyCount "134"]

1. e4 c5 2. c3 d5 3. exd5 Qxd5 4. d4 Nf6 5. Nf3 Bg4 6. Be2 e6 7. O-O Nc6 8. Be3 cxd4 9. cxd4 Bb4 10. Nc3 Qa5 11. Qb3 O-O 12. h3 Bf5 13. a3 Bxc3 14. bxc3 Nd5 15. Bd2 Qc7 16. c4 Nf4 17. Bxf4 Qxf4 18. Qe3 Qd6 19. Rfd1 Rfe8 20. Rac1 h6 21. Bf1 Rad8 22. g3 Re7 23. Bg2 Qb8 24. Kh2 Bg6 25. Rd2 Bh5 26. Ng1 Red7 27. d5 Ne7 28. Qb3 b6 29. Re1 Qc7 30. Rc2 exd5 31. cxd5 Qd6 32. Rd2 Qf6 33. Qc4 Nxd5 34. Qd4 Qxd4 35. Rxd4 Nf6 36. Rxd7 Rxd7 37. g4 Bg6 38. Nf3 Rd3 39. Ra1 Be4 40. Ne1 Rd2 41. f3 Bd5 42. Kg3 g5 43. h4 Kg7 44. hxg5 hxg5 45. Bf1 Nd7 46. a4 Nc5 47. Ra3 Ra2 48. Rxa2 Bxa2 49. a5 bxa5 50. Nc2 Bb1 51. Na3 Bd3 52. Kf2 Bxf1 53. Kxf1 Nd3 54. Ke2 Ne5 55. Ke3 Kf6 56. Ke4 a4 57. Nb5 a6 58. Na3 Ke6 59. f4 gxf4 60. Kxf4 Kd5 61. g5 Nc4 62. Nc2 a5 63. Kf5 Nd6+ 64. Kf6 Ne4+ 65. Kxf7 Nxg5+ 66. Kf6 Nf3 67. Na3 Nd4 0-1

[Event "GER-ch 81st"]
[Site "Bad Liebenzell"]
[Date "2010.03.08"]
[Round "4"]
[White "Huschenbeth, Niclas"]
[Black "Ritscher, Jan Paul"]
[Result "1-0"]
[WhiteElo "2404"]
[BlackElo "2316"]
[EventDate "2010.03.05"]
[PlyCount "109"]

1. e4 Nf6 2. e5 Nd5 3. d4 d6 4. c4 Nb6 5. exd6 exd6 6. Nc3 Be7 7. h3 Bf5 8. Nf3 O-O 9. Be2 Nc6 10. O-O Bf6 11. Be3 h6 12. Rc1 d5 13. c5 Nc8 14. a3 N8e7 15. b4 a6 16. Nh2 Be6 17. g4 Bh4 18. f4 f5 19. Bd3 Qd7 20. Nf3 Ng6 21. Nxh4 Nxh4 22. Qe1 Ng6 23. Qg3 Rae8 24. h4 Nge7 25. g5 h5 26. Be2 g6 27. Bf3 Na7 28. a4 Bf7 29. Rfe1 Nec6 30. Rb1 a5 31. b5 Nb4 32. Qg2 b6 33. Qd2 Re7 34. Rec1 Rfe8 35. Bf2 Nc8 36. Nd1 Re4 37. Kg2 Ne7 38. Kg3 Ra8 39. Nc3 Re8 40. Ne2 c6 41. cxb6 cxb5 42. Rc5 Qb7 43. Rxb5 Ra8 44. R1xb4 axb4 45. a5 Nc6 46. Bxe4 fxe4 47. f5 Nxa5 48. Qxb4 Nc4 49. Kg2 Be8 50. Rc5 Qxb6 51. Rxc4 Qxb4 52. Rxb4 Ra2 53. Rb8 Rxe2 54. Rxe8+ Kf7 55. Re5 1-0

[Event "GER-ch 81st"]
[Site "Bad Liebenzell"]
[Date "2010.03.08"]
[Round "4"]
[White "Issing, Peter"]
[Black "Bastian, Herbert"]
[Result "0-1"]
[WhiteElo "2291"]
[BlackElo "2351"]
[EventDate "2010.03.05"]
[PlyCount "116"]

1. d4 Nf6 2. c4 g6 3. Nc3 Bg7 4. e4 O-O 5. Nf3 d6 6. Be2 e5 7. O-O Nc6 8. d5 Ne7 9. b4 Ne8 10. a4 a5 11. bxa5 Rxa5 12. Nd2 f5 13. Ba3 Kh8 14. Bb4 Ra8 15. c5 fxe4 16. Ndxe4 Nf5 17. Bd3 Nd4 18. cxd6 cxd6 19. Nb5 Nxb5 20. Bxb5 Bf5 21. Re1 Bxe4 22. Rxe4 Nf6 23. Rc4 Qb6 24. Ra2 Rf7 25. Rac2 Raf8 26. Rc8 e4 27. Rxf8+ Rxf8 28. Bc3 Nh5 29. Bxg7+ Kxg7 30. Qd2 Nf6 31. h3 Rf7 32. g4 h6 33. Qc3 Re7 34. Kg2 Kf7 35. Qc8 Kg7 36. Qc3 g5 37. Qb2 Re5 38. Bc4 Qxb2 39. Rxb2 Nxd5 40. Rxb7+ Kf6 41. Bxd5 Rxd5 42. Rh7 Rd2 43. Rxh6+ Ke5 44. Kf1 Rd1+ 45. Ke2 Rh1 46. a5 d5 47. a6 d4 48. a7 Ra1 49. Rh7 Ra2+ 50. Kf1 d3 51. Rd7 Ra1+ 52. Kg2 Ra4 53. Rb7 Ra2 54. Kg3 Ke6 55. Rb6+ Kd5 56. Rb5+ Kc4 57. Rb7 d2 58. Rb2 Ra3+ 0-1

[Event "GER-ch 81st"]
[Site "Bad Liebenzell"]
[Date "2010.03.08"]
[Round "4"]
[White "Khenkin, Igor"]
[Black "Bindrich, Falko"]
[Result "1-0"]
[WhiteElo "2597"]
[BlackElo "2532"]
[EventDate "2010.03.05"]
[PlyCount "63"]

1. d4 d5 2. c4 c6 3. Nf3 Nf6 4. Nc3 dxc4 5. a4 Bf5 6. Nh4 Bc8 7. Nf3 Bf5 8. Nh4 Bc8 9. e3 e5 10. Bxc4 exd4 11. exd4 Bd6 12. Nf3 O-O 13. O-O Bg4 14. h3 Bxf3 15. Qxf3 Nbd7 16. a5 a6 17. Bg5 Re8 18. Ne2 Qc7 19. Ng3 h6 20. Bxf6 Nxf6 21. Nf5 Be7 22. Rfe1 Bb4 23. Re3 Bd2 24. Qg3 Qxg3 25. Rxg3 Nh5 26. Rb3 Rab8 27. Nd6 Red8 28. Nxf7 Rxd4 29. Ne5+ Kh7 30. Bd3+ Kh8 31. Nxc6 Rxd3 32. Rxd3 1-0

[Event "GER-ch 81st"]
[Site "Bad Liebenzell"]
[Date "2010.03.08"]
[Round "4"]
[White "Mueller, Oliver"]
[Black "Tischbierek, Raj"]
[Result "1-0"]
[WhiteElo "2297"]
[BlackElo "2433"]
[EventDate "2010.03.05"]
[PlyCount "85"]

1. d4 Nf6 2. c4 e6 3. Nf3 b6 4. g3 Ba6 5. Qc2 Bb4+ 6. Bd2 Be7 7. Bg2 c6 8. O-O d5 9. cxd5 cxd5 10. Nc3 O-O 11. Ne5 Nfd7 12. Bf4 Nxe5 13. Bxe5 Bb7 14. e4 dxe4 15. Bxe4 Bxe4 16. Qxe4 Nd7 17. Rfd1 Qc8 18. Rac1 Qa6 19. a3 Rac8 20. h4 Rfd8 21. Qf3 Qa5 22. Bf4 Qf5 23. g4 Qa5 24. h5 h6 25. d5 Nf8 26. dxe6 Nxe6 27. Nd5 Bf8 28. Rxc8 Rxc8 29. Bd2 Qa4 30. Bb4 Ng5 31. Qd3 Kh8 32. b3 Qd7 33. Ne3 Nh3+ 34. Kf1 Qc6 35. Qd5 Qc7 36. Bxf8 Rxf8 37. Qd6 Qc8 38. Nf5 Rg8 39. Nxh6 Rf8 40. Nf5 Re8 41. h6 Qc2 42. hxg7+ Kg8 43. Qf8+ 1-0

[Event "GER-ch 81st"]
[Site "Bad Liebenzell"]
[Date "2010.03.08"]
[Round "4"]
[White "Roehl, Rainer"]
[Black "Heinig, Wolfram"]
[Result "1/2-1/2"]
[WhiteElo "2182"]
[BlackElo "2345"]
[EventDate "2010.03.05"]
[PlyCount "23"]

1. e4 c6 2. d4 d5 3. exd5 cxd5 4. c3 Nc6 5. Bf4 Nf6 6. Bd3 Bg4 7. Qb3 Qc8 8. h3 Bh5 9. Nd2 e6 10. Ngf3 Be7 11. O-O O-O 12. Rae1 1/2-1/2

[Event "GER-ch 81st"]
[Site "Bad Liebenzell"]
[Date "2010.03.08"]
[Round "4"]
[White "Schloetzer, Waldemar"]
[Black "Schwing, Hans Elmar"]
[Result "0-1"]
[WhiteElo "2293"]
[BlackElo "2308"]
[EventDate "2010.03.05"]
[PlyCount "104"]

1. d4 Nf6 2. c4 e6 3. Nc3 Bb4 4. Qc2 c5 5. dxc5 O-O 6. a3 Bxc5 7. Nf3 Nc6 8. Bg5 Nd4 9. Nxd4 Bxd4 10. e3 Qa5 11. exd4 Qxg5 12. Qd2 Qxd2+ 13. Kxd2 b6 14. f3 d6 15. Bd3 Bd7 16. b4 Rfc8 17. Ne4 Nxe4+ 18. fxe4 e5 19. Ke3 exd4+ 20. Kxd4 f6 21. Rhc1 Kf7 22. Rc3 Rd8 23. Be2 Rac8 24. Rf1 Bc6 25. Bh5+ Kf8 26. Ke3 Bd7 27. Rfc1 Rc7 28. Be2 Ke7 29. Kd4 Be6 30. Rg3 Kf8 31. Bg4 Bf7 32. Rgc3 Re7 33. Re3 Re5 34. Rf1 h5 35. Bh3 Rde8 36. Bd7 R8e7 37. Bc6 Rc7 38. Bd5 Bxd5 39. cxd5 Rc2 40. g3 Re7 41. h4 Rec7 42. Rd3 Kf7 43. Ke3 Ke7 44. Rf2 Rc1 45. Rf5 g6 46. Rf2 R7c4 47. Re2 Rf1 48. Rdd2 Rc3+ 49. Rd3 Rxd3+ 50. Kxd3 Ra1 51. Kc4 Rxa3 52. Rg2 a6 0-1

[Event "GER-ch 81st"]
[Site "Bad Liebenzell"]
[Date "2010.03.08"]
[Round "4"]
[White "Schoene, Ralf"]
[Black "Namyslo, Holger"]
[Result "1/2-1/2"]
[WhiteElo "2316"]
[BlackElo "2326"]
[EventDate "2010.03.05"]
[PlyCount "86"]

1. g3 Nf6 2. Bg2 d5 3. d3 e6 4. Nd2 c5 5. Ngf3 Nc6 6. O-O Be7 7. c4 O-O 8. Nb3 a5 9. Bg5 a4 10. cxd5 exd5 11. Nc1 Qb6 12. Rb1 Be6 13. a3 h6 14. Bd2 Rfc8 15. Re1 c4 16. dxc4 Ng4 17. e3 Bf5 18. cxd5 Bxb1 19. dxc6 bxc6 20. Bc3 Nf6 21. Ne5 Bf5 22. Ne2 Be4 23. Nd7 Nxd7 24. Bxe4 Nf6 25. Bg2 Rd8 26. Qb1 Nd5 27. Bd4 Bc5 28. Bxc5 Qxc5 29. Rc1 Qb6 30. Nd4 Rac8 31. Rc2 c5 32. Nf5 Qf6 33. g4 Ne7 34. Ng3 Qg6 35. h3 Qd3 36. Bf1 Qd7 37. Qe1 Ng6 38. Nf5 Ne7 39. Ng3 Qd1 40. Qc3 Nd5 41. Qc4 Nb6 42. Qc3 Nd5 43. Qc4 Nb6 1/2-1/2

[Event "GER-ch 81st"]
[Site "Bad Liebenzell"]
[Date "2010.03.08"]
[Round "4"]
[White "Tabatt, Hendrik"]
[Black "Kotainy, Jens"]
[Result "0-1"]
[WhiteElo "2347"]
[BlackElo "2243"]
[EventDate "2010.03.05"]
[PlyCount "76"]

1. c4 c5 2. Nc3 Nc6 3. e3 g6 4. d4 cxd4 5. exd4 d6 6. Be3 Bg7 7. Nf3 Nf6 8. d5 Nb8 9. Be2 O-O 10. O-O Nbd7 11. b4 Nb6 12. Nd4 Bd7 13. Qb3 Rc8 14. Rac1 Ng4 15. Bxg4 Bxg4 16. c5 dxc5 17. bxc5 Rxc5 18. Ndb5 Rc8 19. Nxa7 Rxc3 20. Rxc3 Bxc3 21. Bxb6 Qd6 22. Be3 Be5 23. f4 Bf6 24. a4 Qa6 25. h3 Bf5 26. Bf2 Ra8 27. g4 Bd7 28. g5 Bg7 29. Qe3 Bf5 30. Rc1 Qxa4 31. h4 Rd8 32. Qxe7 Re8 33. Qxb7 Bd4 34. Rf1 Bxf2+ 35. Rxf2 Qa3 36. d6 Re1+ 37. Rf1 Qe3+ 38. Kh2 Qh3+ 0-1

[Event "GER-ch 81st"]
[Site "Bad Liebenzell"]
[Date "2010.03.08"]
[Round "4"]
[White "Vatter, Hans Joachim"]
[Black "Vogel, Christian"]
[Result "1-0"]
[WhiteElo "2328"]
[BlackElo "2263"]
[EventDate "2010.03.05"]
[PlyCount "107"]

1. e4 c5 2. Nf3 d6 3. d4 cxd4 4. Nxd4 Nf6 5. Nc3 g6 6. Be3 Bg7 7. f3 Nc6 8. Qd2 O-O 9. O-O-O d5 10. Qe1 e5 11. Nxc6 bxc6 12. exd5 Nxd5 13. Bc5 Qg5+ 14. Kb1 Nxc3+ 15. Qxc3 e4 16. Bd4 Bxd4 17. Rxd4 exf3 18. Qxf3 Be6 19. Bc4 Qc5 20. Qd3 Bxc4 21. Qxc4 Qb6 22. Rf1 Qc7 23. h4 Rad8 24. h5 Rxd4 25. Qxd4 Rd8 26. Qf6 Rd6 27. Qf3 Rd5 28. h6 Rf5 29. Re1 Re5 30. Rd1 Re6 31. Qg3 Qc8 32. Qh4 Qe8 33. a3 f6 34. Qc4 Kf8 35. Qb4+ Kf7 36. Qb7+ Re7 37. Qb3+ Re6 38. Rd6 Qc8 39. Rxe6 Qxe6 40. Qb7+ Qe7 41. Qxc6 g5 42. c4 f5 43. Qd5+ Kf6 44. c5 f4 45. c6 Qe1+ 46. Kc2 Qe2+ 47. Kc3 Qe3+ 48. Kb4 Qb6+ 49. Kc4 Qa6+ 50. Kc3 Qf1 51. Qd6+ Kf7 52. Qd7+ Kf6 53. c7 Qc1+ 54. Kb3 1-0

[Event "GER-ch 81st"]
[Site "Bad Liebenzell"]
[Date "2010.03.08"]
[Round "4"]
[White "Zeller, Frank"]
[Black "Naumann, Alexander"]
[Result "1/2-1/2"]
[WhiteElo "2420"]
[BlackElo "2528"]
[EventDate "2010.03.05"]
[PlyCount "45"]

1. e4 c5 2. Nf3 d6 3. d4 cxd4 4. Nxd4 Nf6 5. Nc3 a6 6. Bg5 e6 7. f4 Qc7 8. Qf3 b5 9. O-O-O b4 10. Nd5 exd5 11. Bxf6 gxf6 12. exd5 Ra7 13. Bd3 Qc5 14. Bf5 Bxf5 15. Nxf5 Rc7 16. Rhe1+ Kd8 17. Qe4 Kc8 18. Rd4 a5 19. Ne3 Qb5 20. Nc4 Qc5 21. Ne3 Qb5 22. Nc4 Qc5 23. Ne3 1/2-1/2

[Event "GER-ch 81st"]
[Site "Bad Liebenzell"]
[Date "2010.03.09"]
[Round "5"]
[White "Bastian, Herbert"]
[Black "Roehl, Rainer"]
[Result "1/2-1/2"]
[WhiteElo "2351"]
[BlackElo "2182"]
[EventDate "2010.03.05"]
[PlyCount "159"]

1. e4 c5 2. Nc3 g6 3. g3 Bg7 4. Bg2 Nc6 5. d3 d6 6. Be3 Nf6 7. h3 O-O 8. Qd2 Nd4 9. Nce2 e5 10. c3 Nc6 11. Nf3 b6 12. c4 Rb8 13. Nc3 Nd4 14. Nh4 b5 15. Bxd4 cxd4 16. Nxb5 Qb6 17. b3 Be6 18. O-O d5 19. cxd5 Bxd5 20. Na3 Be6 21. Rac1 Rfc8 22. Nc4 Bxc4 23. bxc4 Nd7 24. Qc2 Qb2 25. Rfd1 Bh6 26. Qxb2 Rxb2 27. Rb1 Rcb8 28. Rxb2 Rxb2 29. Ra1 Bd2 30. Bf1 Bc3 31. Nf3 f6 32. h4 Nc5 33. g4 h6 34. g5 hxg5 35. hxg5 Kf7 36. Kg2 a5 37. Kg3 a4 38. gxf6 Kxf6 39. Nh2 a3 40. Ng4+ Ke6 41. f4 exf4+ 42. Kxf4 Bd2+ 43. Kg3 Na4 44. Bh3 Nc3 45. c5 Ne2+ 46. Kf3 Nf4 47. Nf2+ Nxh3 48. Nxh3 Be3 49. Nf4+ Bxf4 50. Kxf4 Rf2+ 51. Kg4 Rg2+ 52. Kf3 Rd2 53. Rg1 Kf6 54. Kf4 Rf2+ 55. Kg4 Rxa2 56. Rc1 Ke7 57. c6 Kd8 58. Rc4 Rd2 59. Rxd4+ Kc7 60. Ra4 Rxd3 61. Ra6 Rd1 62. Rxa3 Kxc6 63. Ra6+ Kd7 64. Kf4 Rd6 65. Ra7+ Ke6 66. Rg7 Kf6 67. Rg8 Rd4 68. Rf8+ Ke6 69. Ra8 g5+ 70. Ke3 Rb4 71. Ra6+ Ke5 72. Ra5+ Kf6 73. Rf5+ Kg6 74. Rf1 Rb5 75. Kd4 g4 76. e5 g3 77. e6 g2 78. Re1 Rb7 79. Ke5 Rb2 80. Kf4 1/2-1/2

[Event "GER-ch 81st"]
[Site "Bad Liebenzell"]
[Date "2010.03.09"]
[Round "5"]
[White "Hager, Joshua Aarash"]
[Black "Schoene, Ralf"]
[Result "1/2-1/2"]
[WhiteElo "2221"]
[BlackElo "2316"]
[EventDate "2010.03.05"]
[PlyCount "37"]

1. e4 e5 2. Nf3 Nc6 3. Nc3 Nf6 4. Bb5 Bb4 5. O-O O-O 6. d3 d6 7. Bg5 Bxc3 8. bxc3 h6 9. Bh4 Qe7 10. Re1 a6 11. Bxc6 bxc6 12. d4 Bg4 13. h3 Bxf3 14. Qxf3 Qe6 15. Bxf6 Qxf6 16. Qxf6 gxf6 17. Rab1 Rfb8 18. Rb3 Rb6 19. Kf1 1/2-1/2

[Event "GER-ch 81st"]
[Site "Bad Liebenzell"]
[Date "2010.03.09"]
[Round "5"]
[White "Heinig, Wolfram"]
[Black "Krassowizkij, Jaroslaw"]
[Result "1/2-1/2"]
[WhiteElo "2345"]
[BlackElo "2244"]
[EventDate "2010.03.05"]
[PlyCount "92"]

1. d4 Nf6 2. c4 g6 3. Nc3 d5 4. Bf4 Bg7 5. e3 O-O 6. Rc1 c5 7. dxc5 Be6 8. Nf3 Nc6 9. Ng5 Bg4 10. f3 e5 11. cxd5 exf4 12. dxc6 Qe7 13. e4 Rad8 14. Qe2 Bc8 15. cxb7 Bxb7 16. b4 Rfe8 17. Nh3 Nxe4 18. Nxe4 f5 19. Nd6 Qh4+ 20. Nf2 Rxe2+ 21. Bxe2 Qe7 22. O-O Bd5 23. Rfe1 Qc7 24. a4 Bb2 25. Rb1 Bc3 26. Nb5 Qg7 27. Nxc3 Qxc3 28. Red1 Kf7 29. Bb5 Ba2 30. Rxd8 Bxb1 31. c6 Ba2 32. Rd7+ Kf6 33. Nd3 Be6 34. Rd8 Ke7 35. Ra8 Qd4+ 36. Kf1 Bc4 37. Bxc4 Qxc4 38. Rxa7+ Kf6 39. Rd7 Qxc6 40. Nc5 Kg5 41. Rxh7 Qd5 42. h4+ Kf6 43. Nd7+ Ke6 44. Nc5+ Kf6 45. Nd7+ Ke6 46. Nf8+ Kf6 1/2-1/2

[Event "GER-ch 81st"]
[Site "Bad Liebenzell"]
[Date "2010.03.09"]
[Round "5"]
[White "Hirneise, Tobias"]
[Black "Lentrodt, Thomas"]
[Result "1-0"]
[WhiteElo "2438"]
[BlackElo "2367"]
[EventDate "2010.03.05"]
[PlyCount "95"]

1. d4 f5 2. Nf3 Nf6 3. g3 g6 4. Bg2 Bg7 5. O-O O-O 6. b3 d6 7. Bb2 e5 8. dxe5 Ng4 9. Na3 Nc6 10. Qd5+ Kh8 11. Nc4 dxe5 12. Qxd8 Rxd8 13. Ng5 Re8 14. h3 Nh6 15. Bxc6 bxc6 16. Na5 c5 17. Rad1 e4 18. Bxg7+ Kxg7 19. Rd5 Ng8 20. h4 c4 21. Nxc4 f4 22. Rc5 Re7 23. Kh2 fxg3+ 24. fxg3 Nf6 25. Ne3 Ng4+ 26. Nxg4 Bxg4 27. Rf4 Bxe2 28. Rxe4 Rae8 29. Rxe7+ Rxe7 30. Rxc7 Rxc7 31. Ne6+ Kf6 32. Nxc7 Ke5 33. Kg1 Bd1 34. c3 a5 35. Kf2 a4 36. bxa4 Bxa4 37. Ke3 Kd6 38. Na6 Bb5 39. Nb4 Kc5 40. g4 h6 41. Nd3+ Kc4 42. Ne5+ Kxc3 43. Nxg6 Bd7 44. Ne5 Be6 45. a4 Kb4 46. Kf4 Kxa4 47. h5 Kb5 48. g5 1-0

[Event "GER-ch 81st"]
[Site "Bad Liebenzell"]
[Date "2010.03.09"]
[Round "5"]
[White "Huschenbeth, Niclas"]
[Black "Baramidze, David"]
[Result "1-0"]
[WhiteElo "2404"]
[BlackElo "2528"]
[EventDate "2010.03.05"]
[PlyCount "111"]

1. e4 e5 2. Nf3 Nc6 3. Bb5 a6 4. Bxc6 dxc6 5. O-O f6 6. d4 exd4 7. Nxd4 c5 8. Ne2 Qxd1 9. Rxd1 Bd7 10. Be3 O-O-O 11. Nbc3 Re8 12. Rd2 Bc6 13. Rad1 b6 14. a4 Ne7 15. a5 Ng6 16. axb6 cxb6 17. b3 Be7 18. Ng3 Nh4 19. Nd5 Bd8 20. b4 cxb4 21. Nxb4 Bb7 22. Nd5 Re6 23. c4 Rc6 24. Rb2 Rxc4 25. Bxb6 Bxd5 26. exd5 a5 27. d6 Bxb6 28. Rxb6 Rd8 29. h3 g6 30. Ne2 Nf5 31. g4 Ne7 32. Nd4 Nd5 33. Ra6 Nc3 34. Ra8+ Kd7 35. Ra7+ Kc8 36. Ra8+ Kd7 37. Rxd8+ Kxd8 38. Ne6+ Kd7 39. Nf8+ Kd8 40. Ne6+ Kd7 41. Nf8+ Kd8 42. Rd3 Ne2+ 43. Kh2 Rc3 44. Ne6+ Kd7 45. Rd2 Nc1 46. Nf8+ Kd8 47. Rd5 Nb3 48. Ne6+ Kd7 49. Nf8+ Kd8 50. Rb5 a4 51. d7 Rd3 52. Rb8+ Kc7 53. Rc8+ Kb7 54. d8=Q Rxd8 55. Rxd8 a3 56. Rd3 1-0

[Event "GER-ch 81st"]
[Site "Bad Liebenzell"]
[Date "2010.03.09"]
[Round "5"]
[White "Koller, Jens"]
[Black "Vatter, Hans Joachim"]
[Result "0-1"]
[WhiteElo "2270"]
[BlackElo "2328"]
[EventDate "2010.03.05"]
[PlyCount "58"]

1. e4 e5 2. f4 exf4 3. Nf3 g5 4. h4 g4 5. Ne5 Bg7 6. d4 d6 7. Nxg4 Bxg4 8. Qxg4 Bxd4 9. c3 Be5 10. Bxf4 Nf6 11. Qf3 Bxf4 12. Qxf4 Qe7 13. Nd2 Rg8 14. O-O-O Nbd7 15. Be2 Ne5 16. Rhf1 Rxg2 17. Bb5+ Nfd7 18. Nc4 Nxc4 19. Bxc4 Ne5 20. Rg1 Rxg1 21. Rxg1 O-O-O 22. Be2 Rh8 23. h5 h6 24. Kc2 a6 25. Rg7 Kb8 26. Bf1 Qe6 27. Rg3 Qxa2 28. c4 Qa4+ 29. Rb3 Rg8 0-1

[Event "GER-ch 81st"]
[Site "Bad Liebenzell"]
[Date "2010.03.09"]
[Round "5"]
[White "Kotainy, Jens"]
[Black "Feuerstack, Aljoscha"]
[Result "1/2-1/2"]
[WhiteElo "2243"]
[BlackElo "2382"]
[EventDate "2010.03.05"]
[PlyCount "78"]

1. e4 c6 2. d4 d5 3. e5 Bf5 4. c3 e6 5. Be3 Qb6 6. Qb3 Nd7 7. Nd2 f6 8. f4 g5 9. Ngf3 gxf4 10. Bxf4 Bh6 11. Bg3 fxe5 12. Nxe5 Bxd2+ 13. Kxd2 Ngf6 14. Nxd7 Ne4+ 15. Ke3 Qxb3 16. axb3 Nxg3 17. Nb6 Rd8 18. hxg3 axb6 19. Ra7 Rb8 20. Be2 Kd7 21. g4 Be4 22. Rf1 Rhe8 23. Rf7+ Re7 24. Rxe7+ Kxe7 25. Ba6 Kd6 26. Rxb7 Rxb7 27. Bxb7 Bxg2 28. Kf4 Bf1 29. Kg5 Kc7 30. Ba8 Be2 31. b4 Bd1 32. Kh5 Bf3 33. Kg5 Be2 34. Kh5 Kd6 35. Bb7 c5 36. bxc5+ bxc5 37. dxc5+ Kxc5 38. b4+ Kd6 39. Bc8 e5 1/2-1/2

[Event "GER-ch 81st"]
[Site "Bad Liebenzell"]
[Date "2010.03.09"]
[Round "5"]
[White "Kummerow, Heiko"]
[Black "Dauenheimer, Torsten"]
[Result "1/2-1/2"]
[WhiteElo "2361"]
[BlackElo "2233"]
[EventDate "2010.03.05"]
[PlyCount "42"]

1. e4 e6 2. d4 d5 3. Nd2 Nf6 4. e5 Nfd7 5. Bd3 c5 6. c3 Nc6 7. Ne2 cxd4 8. cxd4 f6 9. exf6 Nxf6 10. Nf3 Bd6 11. O-O Qc7 12. h3 O-O 13. Be3 Bd7 14. Rc1 Qb6 15. Nc3 Qd8 16. a3 e5 17. dxe5 Nxe5 18. Be2 Bc6 19. Nd4 Qd7 20. Qb3 Kh8 21. Rfd1 Rad8 1/2-1/2

[Event "GER-ch 81st"]
[Site "Bad Liebenzell"]
[Date "2010.03.09"]
[Round "5"]
[White "Milov, Leonid"]
[Black "Khenkin, Igor"]
[Result "1/2-1/2"]
[WhiteElo "2556"]
[BlackElo "2597"]
[EventDate "2010.03.05"]
[PlyCount "68"]

1. e4 c6 2. d4 d5 3. Nd2 dxe4 4. Nxe4 Bf5 5. Ng3 Bg6 6. Bc4 e6 7. N1e2 Bd6 8. h4 h6 9. Nf4 Bxf4 10. Bxf4 Nf6 11. Qd2 Nbd7 12. Bd3 Bxd3 13. Qxd3 Qa5+ 14. Bd2 Qa4 15. O-O O-O 16. b3 Qa3 17. c4 Rfd8 18. Qf3 a5 19. Bc1 Qb4 20. a4 Qd6 21. Rd1 Ne5 22. Qf4 Ng6 23. Qxd6 Rxd6 24. h5 Ne7 25. Bf4 Rd7 26. Be5 Rad8 27. Re1 Nf5 28. Nxf5 exf5 29. Bxf6 gxf6 30. d5 cxd5 31. cxd5 Rxd5 32. Re7 R5d7 33. Rxd7 Rxd7 34. Rc1 Rd3 1/2-1/2

[Event "GER-ch 81st"]
[Site "Bad Liebenzell"]
[Date "2010.03.09"]
[Round "5"]
[White "Namyslo, Holger"]
[Black "Issing, Peter"]
[Result "1/2-1/2"]
[WhiteElo "2326"]
[BlackElo "2291"]
[EventDate "2010.03.05"]
[PlyCount "73"]

1. e4 e6 2. d4 d5 3. Nc3 Nf6 4. Bg5 Be7 5. e5 Nfd7 6. h4 a6 7. Qg4 f5 8. Qh5+ g6 9. Qh6 Bxg5 10. hxg5 Kf7 11. Nh3 Nf8 12. Nf4 Nc6 13. O-O-O Rg8 14. g4 Ne7 15. Bh3 Rg7 16. gxf5 exf5 17. Bg2 c6 18. Bf3 Kg8 19. Rde1 Be6 20. Nce2 Qd7 21. Ng3 Bf7 22. e6 Nxe6 23. Nxe6 Bxe6 24. Nh5 gxh5 25. Rxe6 Ng6 26. Rhe1 Nf4 27. Rd6 Qf7 28. g6 Nxg6 29. Bxh5 Re8 30. Rg1 Re6 31. Rd8+ Re8 32. Rd6 Re6 33. Bxg6 Rgxg6 34. Rxg6+ hxg6 35. Rd8+ Re8 36. Rd6 Re6 37. Rd8+ 1/2-1/2

[Event "GER-ch 81st"]
[Site "Bad Liebenzell"]
[Date "2010.03.09"]
[Round "5"]
[White "Natsidis, Christoph"]
[Black "Figura, Atila Gajo"]
[Result "1/2-1/2"]
[WhiteElo "2270"]
[BlackElo "2418"]
[EventDate "2010.03.05"]
[PlyCount "65"]

1. Nf3 c5 2. c4 Nf6 3. g3 Nc6 4. Bg2 d6 5. O-O g6 6. Nc3 Bg7 7. d4 cxd4 8. Nxd4 Bd7 9. Nc2 Qc8 10. b3 Bh3 11. Bb2 Bxg2 12. Kxg2 Ne4 13. Qd3 Ng5 14. Kg1 h5 15. h4 Ne6 16. Ne3 Nc5 17. Qd2 Rb8 18. Ned5 O-O 19. Rad1 Ne5 20. Kg2 b6 21. f3 Qd7 22. Qg5 Rfe8 23. Nb5 Kh7 24. Bxe5 Bxe5 25. b4 Na6 26. Qxe5 dxe5 27. Nf6+ exf6 28. Rxd7 Nxb4 29. Rxf7+ Kh6 30. Rxa7 Ra8 31. Rxa8 Rxa8 32. a3 Nc6 33. Rc1 1/2-1/2

[Event "GER-ch 81st"]
[Site "Bad Liebenzell"]
[Date "2010.03.09"]
[Round "5"]
[White "Schloetzer, Waldemar"]
[Black "Tabatt, Hendrik"]
[Result "0-1"]
[WhiteElo "2293"]
[BlackElo "2347"]
[EventDate "2010.03.05"]
[PlyCount "58"]

1. d4 Nf6 2. c4 g6 3. Nc3 Bg7 4. e4 O-O 5. Nf3 d6 6. Be2 c5 7. O-O Bg4 8. d5 Na6 9. h3 Bxf3 10. Bxf3 Nd7 11. Be2 Re8 12. Be3 Nc7 13. Qd2 e6 14. dxe6 Nxe6 15. Nb5 Re7 16. Rad1 a6 17. Nxd6 Qc7 18. f4 Rd8 19. Kh1 Ne5 20. f5 Red7 21. fxe6 Rxd6 22. exf7+ Nxf7 23. Qc1 Rxd1 24. Rxd1 Rxd1+ 25. Bxd1 Qg3 26. Qd2 Be5 27. Bg1 Kg7 28. b3 b6 29. Qd7 Qe1 0-1